[Event "44. Torneo Capablanca In Memoriam Open"]
[Site "La Habana CUB"]
[Date "2009.06.15"]
[Round "7.24"]
[White "Alonso Moyano, Jonathan"]
[Black "Pina Vega, Sulennis"]
[Result "1/2-1/2"]
[WhiteElo "2266"]
[BlackElo "2270"]
[PlyCount "97"]
[EventDate "2009.06.08"]
[EventType "swiss"]
[EventRounds "9"]
[EventCountry "CUB"]
[Source "lmi"]
[SourceDate "2009.06.08"]

1. e4 c5 2. Nc3 a6 3. a4 Nc6 4. Nge2 d6 5. d4 cxd4 6. Nxd4 Nf6 7. Be2 e5 8. Nb3
Be7 9. f4 O-O 10. O-O Nb4 11. Kh1 Qc7 12. f5 Rd8 13. Bg5 b6 14. Bxf6 Bxf6 15.
Nd5 Nxd5 16. exd5 Bg5 17. Bd3 f6 18. Qe2 Bb7 19. Qe4 Qf7 20. c4 a5 21. h4 Bh6
22. g4 Bf4 23. Rxf4 exf4 24. Nd4 Re8 25. Ne6 g5 26. Kg2 Re7 27. Rh1 Rae8 28.
Kf2 Bc8 29. Qd4 Bxe6 30. dxe6 Qg7 31. Kf3 h6 32. Be4 Rc7 33. b3 Rc5 34. Qxd6
Qc7 35. Qxc7 Rxc7 36. Rd1 Kf8 37. Bd5 Ke7 38. Ke4 Rd8 39. Kd4 Kd6 40. h5 Ke7
41. Rb1 Rc5 42. Rd1 Rc7 43. Rd3 Rc5 44. Kc3 Rd6 45. b4 axb4+ 46. Kxb4 Ra5 47.
Ra3 Kd8 48. Ra1 Kc7 49. Ra2 1/2-1/2

[Event "44. Torneo Capablanca In Memoriam Open"]
[Site "La Habana CUB"]
[Date "2009.06.15"]
[Round "7.25"]
[White "Ramon Pita, Vivian"]
[Black "Clavijo, Jorge Mario"]
[Result "0-1"]
[WhiteElo "2233"]
[BlackElo "2365"]
[PlyCount "116"]
[EventDate "2009.06.08"]
[EventType "swiss"]
[EventRounds "9"]
[EventCountry "CUB"]
[Source "lmi"]
[SourceDate "2009.06.08"]

1. d4 Nf6 2. c4 g6 3. Nc3 Bg7 4. e4 O-O 5. h3 c5 6. d5 e6 7. Bd3 exd5 8. exd5
d6 9. Nge2 Nbd7 10. f4 Nh5 11. O-O f5 12. Be3 a6 13. a4 Re8 14. Bf2 Bh6 15. Be1
Ndf6 16. Qc2 Bd7 17. Bd2 Re7 18. Kh2 Qf8 19. Ng1 Rae8 20. g3 Ne4 21. Bxe4 fxe4
22. Be3 Rf7 23. Qg2 Bg7 24. Nge2 Nf6 25. a5 Qe7 26. g4 Qd8 27. Rfb1 Qc8 28. Rg1
Qc7 29. Nd1 b5 30. axb6 Qxb6 31. Nec3 Bc8 32. Qc2 Rb7 33. Rg2 Qd8 34. Qe2 Rb4
35. Bc1 e3 36. Nxe3 Ne4 37. Nxe4 Rxe4 38. Qd3 Rxf4 39. Nc2 Rbxc4 40. Bxf4 Rxf4
41. Ne3 Be5 42. Kh1 Rf3 43. Ra4 Rxh3+ 44. Kg1 Qh4 45. Kf1 Rh1+ 46. Ke2 Qe1+ 47.
Kf3 Rh3+ 48. Ke4 Kh8 49. Qe2 Qb1+ 50. Nc2 h5 51. Qd2 Kh7 52. Ra3 Rxa3 53. bxa3
Bxg4 54. Ke3 Bf5 55. Ne1 Qe4+ 56. Kf2 Bd4+ 57. Kf1 Bh3 58. Qg5 Bc3 0-1

[Event "44. Torneo Capablanca In Memoriam Open"]
[Site "La Habana CUB"]
[Date "2009.06.15"]
[Round "7.26"]
[White "Mena Crespo, Carlos E"]
[Black "Trujillo Villega, Pablo Adrian"]
[Result "1-0"]
[WhiteElo "2353"]
[BlackElo "2209"]
[PlyCount "123"]
[EventDate "2009.06.08"]
[EventType "swiss"]
[EventRounds "9"]
[EventCountry "CUB"]
[Source "lmi"]
[SourceDate "2009.06.08"]

1. d4 Nf6 2. Nf3 e6 3. c4 b6 4. g3 Ba6 5. b3 b5 6. cxb5 Bxb5 7. Bg2 d5 8. O-O
Nbd7 9. Ba3 Bxa3 10. Nxa3 Ba6 11. Rc1 Qe7 12. Nb1 c5 13. Nc3 O-O 14. Re1 Rfd8
15. dxc5 Nxc5 16. Qd4 Rac8 17. Ne5 Rc7 18. b4 Nce4 19. Nxe4 dxe4 20. Qb2 Rd5
21. f4 Qd6 22. Rxc7 Qxc7 23. h3 h5 24. e3 Qd6 25. a4 Rd2 26. Qc3 Rd1 27. b5
Rxe1+ 28. Qxe1 Bb7 29. Kh2 Nd7 30. Nxd7 Qxd7 31. Qa5 Bd5 32. Qc3 f5 33. Qc5 Bb3
34. a5 Ba4 35. b6 axb6 36. Qxb6 Bc6 37. a6 Bd5 38. Bf1 Qa4 39. Kg1 Qa1 40. Qb4
Kh7 41. Kf2 Qa2+ 42. Be2 Kg8 43. Qb5 Kh7 44. Ke1 Qa1+ 45. Kd2 Qa2+ 46. Kc3 Qa3+
47. Kd2 Qa2+ 48. Ke1 Qa1+ 49. Kf2 Qa2 50. Qc5 Bb3 51. Qd4 Bd5 52. a7 Kg8 53.
Qb6 Kh7 54. Qa6 Qxa6 55. Bxa6 Ba8 56. Bc8 Kg6 57. Bxe6 Kf6 58. Bc4 g5 59. fxg5+
Kxg5 60. h4+ Kf6 61. Ke1 Ke5 62. Be2 1-0

[Event "44. Torneo Capablanca In Memoriam Open"]
[Site "La Habana CUB"]
[Date "2009.06.15"]
[Round "7.27"]
[White "Estrada Nieto, Julian"]
[Black "Guerra Mojena, Leandro"]
[Result "0-1"]
[WhiteElo "2344"]
[BlackElo "2252"]
[PlyCount "140"]
[EventDate "2009.06.08"]
[EventType "swiss"]
[EventRounds "9"]
[EventCountry "CUB"]
[Source "lmi"]
[SourceDate "2009.06.08"]

1. e4 c5 2. Nf3 e6 3. c3 Nf6 4. e5 Nd5 5. Bc4 b6 6. O-O Bb7 7. d4 cxd4 8. Nxd4
Qc7 9. Qe2 a6 10. b3 Be7 11. Rd1 Nc6 12. Nxc6 Qxc6 13. Bxd5 exd5 14. f4 O-O 15.
Be3 d6 16. Bd4 dxe5 17. fxe5 Rae8 18. Nd2 f6 19. Nf3 Bd6 20. e6 Bc7 21. Re1 Bc8
22. Bf2 Rxe6 23. Nd4 Rxe2 24. Nxc6 Rfe8 25. Rxe2 Rxe2 26. Kf1 Re8 27. h3 Bb7
28. Nd4 Kf7 29. Rd1 g5 30. Nf5 Kg6 31. g4 Kf7 32. c4 Rd8 33. c5 bxc5 34. Bxc5
Bc8 35. Rd4 Be5 36. Ra4 Bd7 37. Ra5 Bb5+ 38. Kf2 Bc7 39. Ra3 Be5 40. Nd4 Rc8
41. Ba7 Ra8 42. Nxb5 axb5 43. Bc5 Rxa3 44. Bxa3 f5 45. Bc5 f4 46. Kf3 Bc7 47.
a4 bxa4 48. bxa4 Ba5 49. Bd4 Kg6 50. Be5 h5 51. Bd4 h4 52. Ke2 Kf7 53. Kd3 Ke6
54. Bc5 Bd8 55. Bb4 Kd7 56. Bc5 Kc6 57. Bd4 Kb7 58. Be5 Ka6 59. Bc3 Be7 60. Ke2
Kb6 61. Kd3 Kc5 62. Be5 Kb4 63. Kd4 Bc5+ 64. Kd3 Be7 65. a5 Kxa5 66. Kd4 Bd8
67. Kxd5 f3 68. Bc3+ Kb5 69. Be1 Ba5 70. Bf2 Bb6 0-1

[Event "44. Torneo Capablanca In Memoriam Open"]
[Site "La Habana CUB"]
[Date "2009.06.15"]
[Round "7.29"]
[White "Cruz de la Osa, Reider"]
[Black "Figueredo, Leonel"]
[Result "1/2-1/2"]
[WhiteElo "2228"]
[BlackElo "2419"]
[PlyCount "78"]
[EventDate "2009.06.08"]
[EventType "swiss"]
[EventRounds "9"]
[EventCountry "CUB"]
[Source "lmi"]
[SourceDate "2009.06.08"]

1. e4 e6 2. d4 d5 3. Nc3 Bb4 4. e5 c5 5. a3 Bxc3+ 6. bxc3 Ne7 7. Nf3 b6 8. a4
Ba6 9. Bxa6 Nxa6 10. Ba3 h6 11. Qe2 c4 12. O-O Nc7 13. Nd2 Qd7 14. f4 g6 15.
Rfb1 Nc6 16. Nf1 O-O-O 17. Ne3 h5 18. Nf1 f6 19. exf6 Qf7 20. Nd2 Qxf6 21. Qe3
Qf5 22. Ra2 Ne8 23. Re1 Ng7 24. Nf3 Qg4 25. Ne5 Nxe5 26. Qxe5 Nf5 27. a5 Nh4
28. Qxe6+ Qxe6 29. Rxe6 Rde8 30. Rxe8+ Rxe8 31. Kf2 Re4 32. Bd6 Nf5 33. Be5 Ne3
34. axb6 axb6 35. Ra8+ Kd7 36. Rg8 Nd1+ 37. Kf1 Ne3+ 38. Kf2 Nd1+ 39. Kf1 Ne3+
1/2-1/2

[Event "44. Torneo Capablanca In Memoriam Open"]
[Site "La Habana CUB"]
[Date "2009.06.15"]
[Round "7.31"]
[White "Perez Rodriguez, Jennifer"]
[Black "Carvajal, Nolberto"]
[Result "1/2-1/2"]
[WhiteElo "2080"]
[BlackElo "2330"]
[PlyCount "83"]
[EventDate "2009.06.08"]
[EventType "swiss"]
[EventRounds "9"]
[EventCountry "CUB"]
[Source "lmi"]
[SourceDate "2009.06.08"]

1. e4 c5 2. c3 d6 3. d4 cxd4 4. cxd4 Nf6 5. Nc3 g6 6. Nf3 Bg7 7. Bc4 O-O 8. Qe2
Bg4 9. h3 Bxf3 10. Qxf3 Nc6 11. Be3 Rc8 12. Bb3 Nd7 13. Rd1 Na5 14. O-O e6 15.
Qg3 Nb6 16. Nb5 d5 17. Nxa7 Ra8 18. Nb5 Nxb3 19. axb3 dxe4 20. Nd6 f5 21. Nxb7
Qe7 22. Nc5 Nd5 23. Bg5 Qf7 24. Qd6 Rfe8 25. Rfe1 h6 26. Bc1 Rab8 27. Qa6 Rb4
28. Bd2 Rxd4 29. Bc3 e5 30. Bxd4 exd4 31. Qc4 Rb8 32. Rxd4 Rb4 33. Qxd5 Rxd4
34. Qc6 Qd5 35. Qc8+ Kh7 36. Ne6 Rd1 37. Rxd1 Qxd1+ 38. Kh2 Be5+ 39. g3 Bxg3+
40. fxg3 Qe2+ 41. Kg1 Qe1+ 42. Kg2 1/2-1/2

[Event "44. Torneo Capablanca In Memoriam Open"]
[Site "La Habana CUB"]
[Date "2009.06.15"]
[Round "7.32"]
[White "Ortiz, Nadya Karolina"]
[Black "Figueroa, Marco Alexander"]
[Result "1/2-1/2"]
[WhiteElo "2248"]
[BlackElo "2195"]
[PlyCount "126"]
[EventDate "2009.06.08"]
[EventType "swiss"]
[EventRounds "9"]
[EventCountry "CUB"]
[Source "lmi"]
[SourceDate "2009.06.08"]

1. e4 c5 2. Nf3 Nc6 3. d4 cxd4 4. Nxd4 e5 5. Nb5 a6 6. Nd6+ Bxd6 7. Qxd6 Qf6 8.
Qc7 Nge7 9. Nc3 Nb4 10. Na4 b5 11. Bd2 Nxc2+ 12. Qxc2 bxa4 13. Qxa4 O-O 14. Be2
Bb7 15. O-O d5 16. exd5 Nxd5 17. Bf3 Nb6 18. Qb3 Bxf3 19. Qxf3 Qxf3 20. gxf3
Rfd8 21. Rfd1 Rd5 22. Be3 Rad8 23. Rxd5 Nxd5 24. Rd1 f5 25. f4 e4 26. f3 exf3
27. Kf2 Kf7 28. Kxf3 Ke6 29. Rc1 Nb4 30. a3 Nd3 31. Rc6+ Rd6 32. Rxd6+ Kxd6 33.
Bd4 g6 34. Ke3 Nc1 35. b4 Kd5 36. Bb2 Nb3 37. Kd3 a5 38. Bc3 a4 39. Bb2 Kc6 40.
Bd4 Kb5 41. Be3 Na1 42. h4 Nb3 43. Kc3 Na1 44. Bc1 Nb3 45. Be3 Na1 46. Bd4 Nb3
47. Kd3 Nc1+ 48. Kd2 Nb3+ 49. Kc3 Na1 50. Bf2 Nb3 51. Be3 Na1 52. Bg1 Nb3 53.
Bf2 Na1 54. h5 gxh5 55. Bh4 Nb3 56. Bf6 h6 57. Bh4 Kc6 58. Be1 Kb5 59. Bf2 Na1
60. Kd3 Nb3 61. Bh4 Kc6 62. Be1 Kb5 63. Bf2 Na1 1/2-1/2

[Event "44. Torneo Capablanca In Memoriam Open"]
[Site "La Habana CUB"]
[Date "2009.06.15"]
[Round "7.33"]
[White "Quiñones Centeno, Carlos"]
[Black "Soto Paez, Oliver"]
[Result "1-0"]
[WhiteElo "2166"]
[BlackElo "2293"]
[PlyCount "115"]
[EventDate "2009.06.08"]
[EventType "swiss"]
[EventRounds "9"]
[EventCountry "CUB"]
[Source "lmi"]
[SourceDate "2009.06.08"]

1. e4 c5 2. Ne2 a6 3. Nbc3 b5 4. g3 Bb7 5. Bg2 Nf6 6. O-O e6 7. d3 Qc7 8. Bf4
d6 9. h3 Nc6 10. g4 Be7 11. Ng3 Nd4 12. Nce2 e5 13. Be3 Ne6 14. Nf5 Bd8 15. f4
h5 16. fxe5 dxe5 17. g5 Nd7 18. h4 f6 19. Qd2 fxg5 20. hxg5 Ndf8 21. Bh3 Nh7
22. Nc3 Bxg5 23. Nd5 Qd8 24. Nd6+ Qxd6 25. Bxe6 Bxd5 26. Bxd5 Bxe3+ 27. Qxe3
Ra7 28. b4 Rc7 29. bxc5 Rxc5 30. Qg3 Rc7 31. Rf5 Nf6 32. Qxe5+ Qxe5 33. Rxe5+
Kd8 34. Bb3 h4 35. Rg5 Rh5 36. Rg6 a5 37. a4 b4 38. Re1 Re7 39. Kh2 Kc7 40.
Reg1 Ne8 41. R1g5 Re5 42. Rxe5 Rxe5 43. Kh3 Re7 44. Kxh4 Nf6 45. Rg5 Kb6 46.
Rb5+ Kc6 47. Rxa5 Nd7 48. Ra6+ Kc5 49. Re6 g5+ 50. Kxg5 Rh7 51. a5 Nb8 52. Re5+
Kd4 53. Rd5+ Ke3 54. e5 Nc6 55. e6 Ra7 56. Kf6 Nxa5 57. Rxa5 Rxa5 58. e7 1-0

[Event "44. Torneo Capablanca In Memoriam Open"]
[Site "La Habana CUB"]
[Date "2009.06.15"]
[Round "7.34"]
[White "Linares Napoles, Olennis"]
[Black "Hernandez Moya, Yuleisis"]
[Result "0-1"]
[WhiteElo "2295"]
[BlackElo "2104"]
[PlyCount "106"]
[EventDate "2009.06.08"]
[EventType "swiss"]
[EventRounds "9"]
[EventCountry "CUB"]
[Source "lmi"]
[SourceDate "2009.06.08"]

1. Nf3 d5 2. b3 Nf6 3. Bb2 Bg4 4. Ne5 Bh5 5. g3 e6 6. Bg2 Nbd7 7. Nxd7 Qxd7 8.
c4 c6 9. O-O Bd6 10. d3 O-O 11. Qd2 Bg6 12. Na3 e5 13. cxd5 cxd5 14. Rac1 Rfe8
15. Rfd1 Rad8 16. Nc2 Qe7 17. Qg5 h6 18. Qh4 b5 19. Ne3 Bb4 20. Rc6 Rd6 21.
Rdc1 Bd2 22. R1c2 Rxc6 23. Rxc6 Bxe3 24. fxe3 Qd7 25. Rc1 Qd6 26. h3 Qb6 27.
Kf2 Qa5 28. Rc2 Qxa2 29. Qb4 Qa6 30. Rc5 Qe6 31. Rxb5 Qf5+ 32. Kg1 Qg5 33. Kf2
Qf5+ 34. Kg1 Qg5 35. Kf2 e4 36. d4 Nh5 37. Qd6 Re6 38. Qb8+ Kh7 39. Bc1 Rf6+
40. Ke1 Nxg3 41. Qe5 Rf5 42. Qe8 Qh5 43. Bf3 exf3 44. Rb8 f2+ 45. Kd2 Qxe2+ 46.
Kc3 Qe1+ 47. Kb2 Qxc1+ 48. Kxc1 f1=Q+ 49. Kb2 Rf2+ 50. Ka3 Qa1+ 51. Kb4 a5+ 52.
Kc5 Qc3+ 53. Kb6 Bd3 0-1

[Event "44. Torneo Capablanca In Memoriam Open"]
[Site "La Habana CUB"]
[Date "2009.06.15"]
[Round "7.35"]
[White "Catala, Ivete"]
[Black "Vigoa Apecheche, Yanira"]
[Result "0-1"]
[WhiteElo "2173"]
[BlackElo "2244"]
[PlyCount "78"]
[EventDate "2009.06.08"]
[EventType "swiss"]
[EventRounds "9"]
[EventCountry "CUB"]
[Source "lmi"]
[SourceDate "2009.06.08"]

1. d4 Nf6 2. Nf3 e6 3. e3 c5 4. Bd3 Nc6 5. O-O d5 6. b3 Bd6 7. Bb2 O-O 8. Ne5
Qc7 9. Nxc6 bxc6 10. dxc5 Bxh2+ 11. Kh1 Be5 12. Nc3 Ne4 13. Bxe4 dxe4 14. Na4
Ba6 15. c4 Bxb2 16. Nxb2 Rad8 17. Qc2 f5 18. Rad1 Qe5 19. Na4 Rde8 20. Qc3 Qc7
21. Rd6 Rf6 22. Rfd1 Bc8 23. Qd2 Rff8 24. Kg1 e5 25. Nc3 Be6 26. Qb2 f4 27.
Nxe4 Bf5 28. Nc3 fxe3 29. f3 e4 30. Nxe4 Bxe4 31. fxe4 Rxe4 32. Qe2 h6 33. R1d4
Ree8 34. Rd1 Qe7 35. Re1 Qg5 36. Rd4 h5 37. Rf1 Rxf1+ 38. Kxf1 Qf6+ 39. Kg1
Qxd4 0-1

[Event "44. Torneo Capablanca In Memoriam Open"]
[Site "La Habana CUB"]
[Date "2009.06.15"]
[Round "7.36"]
[White "Garcia, Sergio"]
[Black "Valdes, Alejandro"]
[Result "0-1"]
[WhiteElo "2190"]
[BlackElo "2233"]
[PlyCount "80"]
[EventDate "2009.06.08"]
[EventType "swiss"]
[EventRounds "9"]
[EventCountry "CUB"]
[Source "lmi"]
[SourceDate "2009.06.08"]

1. f4 Nf6 2. Nf3 c5 3. g3 Nc6 4. Bg2 g6 5. O-O Bg7 6. d3 d5 7. Qe1 O-O 8. c3
Re8 9. Na3 Bg4 10. e4 e5 11. Nxe5 Nxe5 12. fxe5 Rxe5 13. h3 Bd7 14. Qf2 dxe4
15. dxe4 Qe7 16. Nc4 Rxe4 17. Bxe4 Qxe4 18. Nd6 Qd5 19. Bf4 Bc6 20. Qh2 Nh5 21.
Rad1 Qxa2 22. g4 Nxf4 23. Qxf4 Qxb2 24. Qxf7+ Kh8 25. Rf2 Qxc3 26. Qe6 Bd4 27.
Nf7+ Kg7 28. Rxd4 Qxd4 29. Ne5 Qd1+ 30. Rf1 Qd4+ 31. Rf2 Qd5 32. Qf7+ Qxf7 33.
Rxf7+ Kg8 34. Rc7 a5 35. g5 a4 36. Ng4 a3 37. Nf6+ Kf8 38. Nxh7+ Ke8 39. Nf6+
Kd8 40. Rg7 b5 0-1

[Event "44. Torneo Capablanca In Memoriam Open"]
[Site "La Habana CUB"]
[Date "2009.06.15"]
[Round "7.38"]
[White "Herrera Sosa, Jessica"]
[Black "Miranda Llanes, Yerisbel"]
[Result "0-1"]
[WhiteElo "1927"]
[BlackElo "2196"]
[PlyCount "78"]
[EventDate "2009.06.08"]
[EventType "swiss"]
[EventRounds "9"]
[EventCountry "CUB"]
[Source "lmi"]
[SourceDate "2009.06.08"]

1. e4 e5 2. Nf3 Nc6 3. Bb5 a6 4. Ba4 Nf6 5. d4 exd4 6. O-O b5 7. e5 Nd5 8. Bb3
Nb6 9. Ng5 Nc4 10. Qh5 g6 11. Qf3 Qe7 12. Bxc4 bxc4 13. Na3 Bg7 14. Nxc4 O-O
15. Bf4 Bb7 16. Rfe1 Rae8 17. Qh3 h6 18. Ne4 g5 19. Bd2 Nxe5 20. Nxe5 Bxe5 21.
Ng3 Qf6 22. Nf5 Kh7 23. Qd3 Qg6 24. Bb4 d6 25. Rad1 c5 26. Ba5 c4 27. Qxc4 Qxf5
28. Qb4 Bc6 29. Rd3 Be4 30. Rh3 g4 31. Ra3 Bxc2 32. Bb6 Bd3 33. Qd2 Bf4 34.
Rxe8 Bxd2 35. Rxf8 Bb5 36. h3 d3 37. hxg4 Qd5 38. Ba5 Bxa5 39. Rxa5 d2 0-1

[Event "44. Torneo Capablanca In Memoriam Open"]
[Site "La Habana CUB"]
[Date "2009.06.15"]
[Round "7.39"]
[White "Gutierrez, Leonela"]
[Black "Espinosa Garcia, Sandra"]
[Result "1-0"]
[WhiteElo "1899"]
[BlackElo "2122"]
[PlyCount "105"]
[EventDate "2009.06.08"]
[EventType "swiss"]
[EventRounds "9"]
[EventCountry "CUB"]
[Source "lmi"]
[SourceDate "2009.06.08"]

1. e4 c5 2. Nf3 Nc6 3. d4 cxd4 4. Nxd4 g6 5. Nc3 Bg7 6. Be3 Nf6 7. Bc4 O-O 8.
O-O Nxe4 9. Nxe4 d5 10. Nxc6 bxc6 11. Bd3 dxe4 12. Bxe4 Qc7 13. c3 Ba6 14. Re1
Bc4 15. Qa4 Bd5 16. Bd4 e5 17. Bc5 Rfd8 18. Rad1 Qb7 19. b3 Rd7 20. Rd3 Rad8
21. Bxd5 cxd5 22. Qh4 Qc6 23. b4 Qf6 24. Qg4 Qa6 25. Rd2 f5 26. Qg3 Qc4 27. h4
e4 28. Bd4 Bxd4 29. Rxd4 Qxa2 30. Qe5 Kf7 31. Red1 Re7 32. Qf4 Qe2 33. R4d2 Qc4
34. Qe3 Rc7 35. Rd4 Qxc3 36. Qxc3 Rxc3 37. Rxd5 Rxd5 38. Rxd5 Ke6 39. Ra5 Rc7
40. Kh2 f4 41. Kh3 Rc2 42. Ra6+ Ke5 43. Rxa7 Rxf2 44. Re7+ Kf5 45. g4+ fxg3 46.
Kxg3 Rf3+ 47. Kg2 h5 48. Rf7+ Kg4 49. Rxf3 exf3+ 50. Kf2 g5 51. hxg5 Kxg5 52.
b5 h4 53. Kxf3 1-0

[Event "44. Torneo Capablanca In Memoriam Open"]
[Site "La Habana CUB"]
[Date "2009.06.15"]
[Round "7.40"]
[White "Mencos, Claudia"]
[Black "Fleitas Marti, Yuleikis"]
[Result "0-1"]
[WhiteElo "1899"]
[BlackElo "2228"]
[PlyCount "48"]
[EventDate "2009.06.08"]
[EventType "swiss"]
[EventRounds "9"]
[EventCountry "CUB"]
[Source "lmi"]
[SourceDate "2009.06.08"]

1. e4 c5 2. Nf3 Nc6 3. d4 cxd4 4. Nxd4 Nf6 5. Nc3 e5 6. Ndb5 d6 7. Bg5 a6 8.
Na3 Be6 9. Nc4 Rc8 10. Bxf6 gxf6 11. Ne3 Bh6 12. Ncd5 Bxe3 13. Nxe3 Qb6 14. Nd5
Qxb2 15. Rb1 Qd4 16. Nxf6+ Ke7 17. Nd5+ Bxd5 18. exd5 Qe4+ 19. Be2 Nd4 20.
Rxb7+ Kf8 21. Kf1 Rg8 22. Rg1 Qxc2 23. Rb3 Nxe2 24. Qxe2 Qc1+ 0-1

[Event "44. Torneo Capablanca In Memoriam Open"]
[Site "La Habana CUB"]
[Date "2009.06.15"]
[Round "7.41"]
[White "Otazo Sanchez, Annyd"]
[Black "Hernandez, Zaida"]
[Result "0-1"]
[WhiteElo "1953"]
[BlackElo "2043"]
[PlyCount "118"]
[EventDate "2009.06.08"]
[EventType "swiss"]
[EventRounds "9"]
[EventCountry "CUB"]
[Source "lmi"]
[SourceDate "2009.06.08"]

1. e4 c5 2. Nf3 d6 3. d4 cxd4 4. Nxd4 Nf6 5. Nc3 a6 6. Be2 e6 7. Be3 Be7 8. O-O
Qc7 9. a4 Nc6 10. f4 O-O 11. a5 Nxa5 12. e5 dxe5 13. fxe5 Qxe5 14. Bf4 Qc5 15.
Na4 Qa7 16. Bc7 Nc6 17. Bb6 Qb8 18. Bf3 Bd7 19. Nxc6 Bxc6 20. Bxc6 bxc6 21. Qf3
Nd5 22. Bf2 Qc7 23. c4 Nb4 24. Rad1 c5 25. Qh5 Rac8 26. Bg3 Qc6 27. Nc3 Nc2 28.
Bf4 Nd4 29. Rd3 g6 30. Qd1 Bf6 31. Qd2 Bg7 32. Bh6 f5 33. Bxg7 Kxg7 34. Rh3 Rf7
35. Qe3 Qc7 36. Rf4 Kg8 37. Rfh4 Rb8 38. Nd1 Rb3 39. Qg5 Rxh3 40. Rxh3 Qd6 41.
Qe3 Rb7 42. Rh6 Qf4 43. Qxf4 Ne2+ 44. Kf2 Nxf4 45. Kf3 Kg7 46. Rh4 g5 47. Rxf4
Rb3+ 48. Nc3 gxf4 49. Kxf4 Rxb2 50. Ke5 Rc2 51. Nd1 Re2+ 52. Kf4 Re4+ 53. Kg5
Rxc4 54. h4 Rg4+ 55. Kh5 Rd4 56. Ne3 a5 57. Nc2 a4 58. g4 fxg4 59. Ne3 a3 0-1

[Event "44. Torneo Capablanca In Memoriam Open"]
[Site "La Habana CUB"]
[Date "2009.06.15"]
[Round "7.42"]
[White "Frometa Castillo, Zirka"]
[Black "Ubaldo Suarez, Maria Gisela"]
[Result "1/2-1/2"]
[WhiteElo "2184"]
[BlackElo "2093"]
[PlyCount "119"]
[EventDate "2009.06.08"]
[EventType "swiss"]
[EventRounds "9"]
[EventCountry "CUB"]
[Source "lmi"]
[SourceDate "2009.06.08"]

1. d4 d5 2. Nf3 Nf6 3. Bf4 c6 4. e3 Bf5 5. Bd3 Bxd3 6. Qxd3 Qb6 7. b3 e6 8. O-O
Nbd7 9. Ne5 Be7 10. Nd2 Nxe5 11. Bxe5 O-O 12. c4 Nd7 13. Nf3 f6 14. Bg3 a5 15.
e4 Rfe8 16. exd5 exd5 17. cxd5 cxd5 18. Qf5 Nf8 19. Qxd5+ Kh8 20. Rae1 Bb4 21.
Rxe8 Rxe8 22. h4 Ne6 23. Rc1 g6 24. Qd7 Re7 25. Rc8+ Kg7 26. Qd5 h5 27. a4 Nf8
28. Qd8 Qxd8 29. Rxd8 Ne6 30. Rc8 Rd7 31. Rc4 Kf7 32. Kf1 Ng7 33. Rc7 Rxc7 34.
Bxc7 Ke6 35. Ke2 Kd5 36. Kd3 Ne6 37. Bb8 Ba3 38. g3 Bb2 39. Ba7 g5 40. Bb6 g4
41. Nd2 Bxd4 42. Bxd4 Nxd4 43. Ke3 Nc6 44. Ne4 Ke5 45. Nc5 Nd8 46. Nd7+ Ke6 47.
Nb6 Nc6 48. Nc4 Kd5 49. Kf4 Ke6 50. Ke4 f5+ 51. Kf4 Kf6 52. Nd6 Nd4 53. Nxb7
Nxb3 54. Nd6 Nc5 55. Nc4 Nxa4 56. Nxa5 Nc3 57. Ke3 Nd1+ 58. Ke2 Nc3+ 59. Ke3
Nd1+ 60. Ke2 1/2-1/2

[Event "44. Torneo Capablanca In Memoriam Open"]
[Site "La Habana CUB"]
[Date "2009.06.15"]
[Round "7.43"]
[White "Figueroa, Julissa"]
[Black "Martin Rosabal, Niuris"]
[Result "0-1"]
[WhiteElo "1780"]
[BlackElo "1982"]
[PlyCount "90"]
[EventDate "2009.06.08"]
[EventType "swiss"]
[EventRounds "9"]
[EventCountry "CUB"]
[Source "lmi"]
[SourceDate "2009.06.08"]

1. e4 c5 2. Nf3 Nc6 3. d4 cxd4 4. Nxd4 g6 5. Nc3 Bg7 6. Be3 Nf6 7. Be2 O-O 8.
O-O d6 9. f4 Qb6 10. Na4 Qa5 11. Nxc6 bxc6 12. Nc3 Rb8 13. Rb1 Rd8 14. Bf3 d5
15. exd5 Nxd5 16. Nxd5 cxd5 17. Bd4 Bxd4+ 18. Qxd4 Bf5 19. g4 Bxc2 20. Rbc1
Rbc8 21. f5 Rc4 22. Qe3 Qc7 23. fxg6 hxg6 24. Qg5 Qc5+ 25. Rf2 Bd3 26. Rxc4
Bxc4 27. a3 Bb3 28. h4 Rc8 29. Kg2 d4 30. Qh6 Bd5 31. h5 Bxf3+ 32. Rxf3 Rc6 33.
Qf4 Qd5 34. Kg3 Qd6 35. hxg6 fxg6 36. Qxd6 Rxd6 37. Kf4 Rf6+ 38. Ke4 Rxf3 39.
Kxf3 e5 40. b4 Kf7 41. a4 Ke7 42. b5 Kd6 43. a5 Kc5 44. b6 axb6 45. a6 Kc6 0-1

[Event "44. Torneo Capablanca In Memoriam Open"]
[Site "La Habana CUB"]
[Date "2009.06.16"]
[Round "8.1"]
[White "Gonzalez Vidal, Yuri"]
[Black "Bacallao, Yusnel"]
[Result "1-0"]
[WhiteElo "2501"]
[BlackElo "2469"]
[PlyCount "151"]
[EventDate "2009.06.08"]
[EventType "swiss"]
[EventRounds "9"]
[EventCountry "CUB"]
[Source "lmi"]
[SourceDate "2009.06.08"]

1. e4 e5 2. Nf3 Nc6 3. Bc4 Nf6 4. d3 Be7 5. O-O O-O 6. Re1 d6 7. a4 Be6 8. Nbd2
Qd7 9. c3 Rfe8 10. Bxe6 fxe6 11. Nf1 Rf8 12. Ng3 h6 13. b4 a6 14. Bd2 Nd8 15.
Qb3 Nf7 16. d4 g5 17. Rad1 g4 18. Nh4 Kh7 19. d5 exd5 20. exd5 Ne4 21. Qc2 Bxh4
22. Qxe4+ Kh8 23. Qg6 Rg8 24. Qh5 Bg5 25. Ne4 Bxd2 26. Rxd2 Qe7 27. Re3 Rg7 28.
f3 Rag8 29. Rf2 gxf3 30. Rexf3 Ng5 31. Qxh6+ Rh7 32. Qf6+ Qxf6 33. Nxf6 Nxf3+
34. Rxf3 Rh4 35. Nxg8 Kxg8 36. a5 Kg7 37. Rg3+ Kf7 38. Rh3 Rc4 39. Kf2 Kg7 40.
Ke2 b6 41. Rg3+ Kf7 42. axb6 cxb6 43. Kd3 Rh4 44. h3 a5 45. bxa5 bxa5 46. Rf3+
Ke7 47. Rf2 Ra4 48. Rb2 Ra1 49. Rb7+ Ke8 50. h4 a4 51. h5 a3 52. h6 Rh1 53. Ra7
Rxh6 54. Rxa3 Rg6 55. Ra2 Rg4 56. c4 Kd7 57. Kc3 Kc7 58. Kb4 Kb6 59. Rf2 Rg6
60. Re2 Rg3 61. Rb2 Rg4 62. Kc3+ Kc7 63. Rf2 Kb6 64. Rb2+ Kc7 65. Rf2 Kb6 66.
Kb4 Rg6 67. Rf8 Rxg2 68. Rc8 Rg6 69. Rc6+ Kb7 70. Kb5 Rh6 71. c5 e4 72. cxd6
Rh8 73. Rc7+ Kb8 74. Re7 Rd8 75. Kc6 Rc8+ 76. Kb6 1-0

[Event "44. Torneo Capablanca In Memoriam Open"]
[Site "La Habana CUB"]
[Date "2009.06.16"]
[Round "8.2"]
[White "Almeida Quintana, Omar"]
[Black "Ortiz Suarez, Isam"]
[Result "1-0"]
[WhiteElo "2516"]
[BlackElo "2493"]
[PlyCount "83"]
[EventDate "2009.06.08"]
[EventType "swiss"]
[EventRounds "9"]
[EventCountry "CUB"]
[Source "lmi"]
[SourceDate "2009.06.08"]

1. d4 d5 2. c4 c6 3. Nf3 Nf6 4. Nc3 e6 5. Bg5 Nbd7 6. cxd5 exd5 7. e3 Be7 8.
Bd3 Nf8 9. Qc2 Ne6 10. h4 h6 11. Bxf6 Bxf6 12. O-O-O h5 13. Ne5 Bxe5 14. dxe5
Qa5 15. f4 Nc5 16. Kb1 Nxd3 17. Qxd3 g6 18. Ka1 Bg4 19. Rc1 Rd8 20. Ne2 Bxe2
21. Qxe2 Qb4 22. Qd3 Qe4 23. Qa3 a6 24. g3 Qf3 25. Qb4 Rd7 26. Rhf1 Qxg3 27. e6
fxe6 28. Rg1 Qxh4 29. Rxg6 Qe7 30. Qd4 Rf8 31. Qe5 Rf5 32. Rg8+ Rf8 33. Rcg1
Qf7 34. Qh8 Re7 35. Rxf8+ Qxf8 36. Rg8 Qxg8 37. Qxg8+ Kd7 38. Qb8 b5 39. b4 h4
40. Qh8 a5 41. bxa5 Re8 42. Qxe8+ 1-0

[Event "44. Torneo Capablanca In Memoriam Open"]
[Site "La Habana CUB"]
[Date "2009.06.16"]
[Round "8.3"]
[White "Martinez Duany, Lelys"]
[Black "Gomez Frontal, Felix M"]
[Result "0-1"]
[WhiteElo "2520"]
[BlackElo "2359"]
[PlyCount "54"]
[EventDate "2009.06.08"]
[EventType "swiss"]
[EventRounds "9"]
[EventCountry "CUB"]
[Source "lmi"]
[SourceDate "2009.06.08"]

1. e4 e5 2. Nf3 Nc6 3. Bb5 f5 4. d3 fxe4 5. dxe4 Nf6 6. Bg5 Bc5 7. Nc3 d6 8.
Bxf6 Qxf6 9. Nd5 Qg6 10. Qe2 Bb6 11. c3 Bd7 12. a4 Rf8 13. a5 Nxa5 14. Bxd7+
Kxd7 15. Rxa5 Bxa5 16. Qb5+ Kd8 17. Qxa5 b6 18. Qa4 Qxg2 19. Rg1 Qxf3 20. Rxg7
Qxf2+ 21. Kd1 Qf1+ 22. Kc2 Rf2+ 23. Kb3 Qd1+ 24. Ka3 Qa1+ 25. Kb4 Rxb2+ 26. Qb3
Qa5+ 27. Kc4 Qc5+ 0-1